Normal view MARC view

Entry Personal Name

Number of records used in: 1

001 - CONTROL NUMBER

  • control field: 9983

003 - CONTROL NUMBER IDENTIFIER

  • control field: DLC

005 - DATE AND TIME OF LATEST TRANSACTION

  • control field: 20231204110416.0

008 - FIXED-LENGTH DATA ELEMENTS

  • fixed length control field: 870326n| azannaab |a aaa

010 ## - LIBRARY OF CONGRESS CONTROL NUMBER

  • LC control number: n 85211668

040 ## - CATALOGING SOURCE

  • Original cataloging agency: DLC
  • Language of cataloging: eng
  • Description conventions: rda
  • Transcribing agency: DLC
  • Modifying agency: DLC

046 ## - SPECIAL CODED DATES

  • Birth date: 1950
  • Source of date scheme: edtf

100 1# - HEADING--PERSONAL NAME

  • Personal name: Jayaram, N.,
  • Dates associated with a name: 1950-

370 ## - ASSOCIATED PLACE

  • Other associated place: Mumbai (India)
  • Source of term: naf

372 ## - FIELD OF ACTIVITY

  • Field of activity: College teaching
  • Source of term: lcsh

373 ## - ASSOCIATED GROUP

  • Associated group: Tata Institute of Social Sciences
  • Source of term: naf

374 ## - OCCUPATION

  • Occupation: University and college faculty members
  • Source of term: lcdgt

375 ## - GENDER

  • Gender: Males
  • Source of term: lcdgt

377 ## - ASSOCIATED LANGUAGE

  • Language code: eng

378 ## - FULLER FORM OF PERSONAL NAME

  • Fuller form of personal name: Narayana

400 1# - SEE FROM TRACING--PERSONAL NAME

  • Personal name: Jayaram, Narayana,
  • Dates associated with a name: 1950-

400 0# - SEE FROM TRACING--PERSONAL NAME

  • Personal name: Narayana Jayaram,
  • Dates associated with a name: 1950-

670 ## - SOURCE DATA FOUND

  • Source citation: His Higher education and status retention, 1987:
  • Information found: t.p. (N. Jayaram) frwd. (Dr.) jkt. (M.A., Ph. D.; b. 1950; reader in sociol., Bangalore U.)

670 ## - SOURCE DATA FOUND

  • Source citation: Housing in India, 1988:
  • Information found: t.p. verso (Narayana Jayaram)

670 ## - SOURCE DATA FOUND

  • Source citation: Ideas, institutions, processes, 2014:
  • Information found: t.p. (N. Jayaram, editor) back jkt. flap (Professor, Centre for Research Methodology, Tata Institute of Social Sciences, Mumbai)

Powered by Koha